基督徒與政治 (Record no. 39255)
[ view plain ]
| 000 -LEADER | |
|---|---|
| fixed length control field | 00412nam a22001697a 4500 |
| 001 - CONTROL NUMBER | |
| control field | 15244854 |
| 008 - FIXED-LENGTH DATA ELEMENTS--GENERAL INFORMATION | |
| fixed length control field | 120130t xxu||||| |||| 00| 0 ||| d |
| 020 ## - INTERNATIONAL STANDARD BOOK NUMBER | |
| International Standard Book Number | 9627137073 |
| 050 ## - LIBRARY OF CONGRESS CALL NUMBER | |
| Classification number | BR115.P7 |
| 100 ## - MAIN ENTRY--PERSONAL NAME | |
| Personal name | 江大惠. |
| 110 ## - MAIN ENTRY--CORPORATE NAME | |
| Corporate name or jurisdiction name as entry element | 崇基學院. |
| Subordinate unit | 神學組. |
| 245 ## - TITLE STATEMENT | |
| Title | 基督徒與政治 |
| 300 ## - PHYSICAL DESCRIPTION | |
| Extent | 166 P |
| 500 ## - GENERAL NOTE | |
| General note | 165頁 ; |
| 785 1# - SUCCEEDING ENTRY | |
| Main entry heading | 崇基學院神學組吐露叢書 ; |
| Relationship information | 3. |
| 942 ## - ADDED ENTRY ELEMENTS (KOHA) | |
| Source of classification or shelving scheme | Library of Congress Classification |
| Item type | Books |
| Withdrawn status | Lost status | Source of classification or shelving scheme | Damaged status | Not for loan | Home library | Current library | Date acquired | Accession number | Total Checkouts | Full call number | Barcode | Date last seen | Price effective from | Koha item type |
|---|---|---|---|---|---|---|---|---|---|---|---|---|---|---|
| Library of Congress Classification | BSOP Library | BSOP Library | 07/04/2015 | C-14557 | CH BR115.P7 J53 | 00046961 | 07/04/2015 | 07/04/2015 | Books |
